000 00687nam a2200241Ia 4500
003 OSt
005 20221005073146.0
006 a|||||r|||| 00| 0
007 ta
008 221004b |||||||| |||| 00| 0 eng d
024 _a89488
037 _cTextual
040 _aCRL
_cCRL
_beng
041 _2eng
_aeng
082 _aS:34:(X:8), P6
100 _aHusain Akbar Ed.
245 0 _aRecent trends in human stress management
260 _aNew Delhi
_bGlobal Vision Publishing House India
_c2006
650 _aPSYCHOLOGY
700 _a Khan Mohd. Ilyas Ed.
942 _hS:34:(X:8), P6
_cTEXL
_2cc
999 _c980655
_d980655